[Event "M.Chigorin Memorial 2017 "]
[Site "?????-?????????"]
[Date "2017.10.27"]
[Round "7"]
[Board "57"]
[White "Palachev, Petr"]
[Black "Grinblat, Artemiy"]
[Result "1/2-1/2"]
[WhiteElo "2372"]
[BlackElo "2268"]
[PlyCount "120"]
[EventDate "2017.10.21"]
[EventRounds "9"]
[EventCountry "RUS"]

1. Nf3 d5 2. c4 Nf6 3. g3 c6 4. Bg2 dxc4 5. a4 g6 6. Na3 Bg7 7. Nxc4 O-O 8. O-O
Be6 9. Qc2 h6 10. b4 Na6 11. Ba3 Rc8 12. d4 Bf5 13. Qd2 Be4 14. Rac1 b6 15. Bh3
Rc7 16. Nfe5 Nb8 17. Rfd1 Nfd7 18. Qf4 Bd5 19. e4 Bxc4 20. Nxc4 Nf6 21. Ne5 Re8
22. Rd2 e6 23. Bb2 Qe7 24. Nd3 Rec8 25. Rdc2 g5 26. Qe3 Ne8 27. e5 Rd8 28. Bg2
Rdc8 29. Ba3 Qd7 30. f4 Qd8 31. Bb2 Bf8 32. Be4 Na6 33. fxg5 Qxg5 34. Qe1 c5
35. b5 Nb4 36. Nxb4 cxb4 37. Bc6 Ng7 38. h4 Qg4 39. Bf3 Qxf3 40. Rxc7 Rxc7 41.
Rxc7 Nf5 42. Qf2 Qd1+ 43. Kh2 h5 44. Rc1 Qd3 45. Rf1 Qb3 46. Bc1 Qxa4 47. Qe2
Qb3 48. Bf4 Nxd4 49. Qxh5 Qc2+ 50. Kh3 Nf5 51. Qg4+ Bg7 52. h5 Kh7 53. Qd1 Qe4
54. Qf3 Qxf3 55. Rxf3 Nd4 56. Rd3 Nxb5 57. Rd7 b3 58. Rd3 b2 59. Rb3 Na3 60.
Rxb2 Nc4  1/2-1/2

[Event "M.Chigorin Memorial 2017 "]
[Site "?????-?????????"]
[Date "2017.10.27"]
[Round "7"]
[Board "58"]
[White "Bashirli, Nail"]
[Black "Dimitrova, Aleksandra"]
[Result "1/2-1/2"]
[WhiteElo "2363"]
[BlackElo "2262"]
[PlyCount "170"]
[EventDate "2017.10.21"]
[EventRounds "9"]
[EventCountry "RUS"]

1. e4 c5 2. Nf3 e6 3. d4 cxd4 4. Nxd4 a6 5. Bd3 Bc5 6. Nb3 Be7 7. Qg4 Bf6 8.
Qg3 Nc6 9. Nc3 Nge7 10. Bd2 b5 11. a3 d6 12. O-O Ng6 13. f4 O-O 14. Kh1 Qc7 15.
f5 Nge5 16. Bg5 Bxg5 17. Qxg5 f6 18. Qg3 Nxd3 19. cxd3 exf5 20. exf5 Ne5 21. d4
Nc4 22. d5 Re8 23. Nd4 Re5 24. Ne6 Bxe6 25. dxe6 Nxb2 26. Rae1 Rd8 27. Qf3 Qc4
28. Ne4 Qc7 29. Nf2 Nc4 30. Qd3 d5 31. Ng4 Rxe1 32. Rxe1 Qe7 33. Qd4 a5 34. h3
h5 35. Ne3 Nxe3 36. Rxe3 b4 37. axb4 axb4 38. Re1 Rb8 39. Qxd5 b3 40. Rb1 b2
41. Qc4 Qb4 42. Qc7 Rb7 43. Qc8+ Kh7 44. Qc2 h4 45. Qe2 Kg8 46. Qc2 Kh7 47. Qe2
Kg8 48. Qe3 Kh7 49. Kh2 Qd6+ 50. Kg1 Qc7 51. Qe1 Qc5+ 52. Kh1 Qxf5 53. Qxh4+
Kg8 54. Qe1 Qc2 55. Kh2 Kf8 56. Qa5 Qc8 57. h4 Kg8 58. Qd5 Qc7+ 59. g3 Qe7 60.
Qc6 g6 61. Kh3 Kg7 62. Kg2 Rc7 63. Qb6 Rc2+ 64. Kh3 Re2 65. Rxb2 Rxb2 66. Qxb2
Qxe6+ 67. Kh2 Qd7 68. Qb4 Qc7 69. Qe4 Qd7 70. Qe3 Qc7 71. Kh3 Qd7+ 72. g4 f5
73. Qc3+ Kh7 74. g5 Qb7 75. Kg3 Qb6 76. Kf4 Qd6+ 77. Kf3 Qd1+ 78. Kf2 Qd6 79.
Qc4 Kg7 80. Ke2 Qh2+ 81. Kd3 Qg3+ 82. Kc2 Qg2+ 83. Kb3 Qf3+ 84. Kb4 Qg4 85. Kc5
Qxc4+  1/2-1/2

[Event "M.Chigorin Memorial 2017 "]
[Site "?????-?????????"]
[Date "2017.10.27"]
[Round "7"]
[Board "59"]
[White "Nasibullin, Iskander"]
[Black "Karpenko, Artem"]
[Result "0-1"]
[WhiteElo "2234"]
[BlackElo "2362"]
[PlyCount "80"]
[EventDate "2017.10.21"]
[EventRounds "9"]
[EventCountry "RUS"]

1. e4 e6 2. d4 d5 3. Nd2 Be7 4. Bd3 c5 5. dxc5 Nf6 6. Qe2 O-O 7. Ngf3 a5 8. O-O
Na6 9. exd5 exd5 10. Bb5 Nxc5 11. Rd1 Bd7 12. Nf1 Re8 13. Be3 Bd6 14. a4 Bc6
15. Nd4 Rc8 16. Qf3 Nce4 17. c3 Qd7 18. Ng3 g6 19. Nxc6 bxc6 20. Bf1 Ng4 21.
Bd4 Ng5 22. Qd3 c5 23. Qd2 Bxg3 24. hxg3 Ne4 25. Qf4 cxd4 26. Bb5 Qe6 27. Bxe8
Rxe8 28. Rxd4 Nexf2 29. Rf1 Ne4 30. Rfd1 Nef6 31. b4 Qc6 32. Qf3 Re3 33. Qf1
Rxg3 34. b5 Qxc3 35. Qe1 Qf3 36. R1d2 Ne3 37. Qf2 Rxg2+ 38. Qxg2 Nxg2 39. b6
Ne3 40. Rb2 Nfg4  0-1

[Event "M.Chigorin Memorial 2017 "]
[Site "?????-?????????"]
[Date "2017.10.27"]
[Round "7"]
[Board "60"]
[White "Baltabaev, Temirlan"]
[Black "Tugarin, Anton"]
[Result "0-1"]
[WhiteElo "2353"]
[BlackElo "2251"]
[PlyCount "107"]
[EventDate "2017.10.21"]
[EventRounds "9"]
[EventCountry "RUS"]

1. Nf3 d5 2. g3 Nf6 3. Bg2 c6 4. b3 Bf5 5. Bb2 e6 6. O-O Nbd7 7. c4 h6 8. d3
Bc5 9. Nbd2 O-O 10. Qe1 Bh7 11. e4 dxe4 12. Nxe4 Be7 13. Rd1 Qc7 14. Qc3 a5 15.
a3 Rfd8 16. Rfe1 Bf8 17. Bc1 Nxe4 18. dxe4 Nc5 19. Nd4 Rd7 20. b4 axb4 21. axb4
Na6 22. Nc2 Rad8 23. Bf4 Qc8 24. Rxd7 Qxd7 25. c5 Nc7 26. Na3 Na6 27. Nc2 Nc7
28. Bf1 Nb5 29. Bxb5 cxb5 30. Na3 Qc6 31. Qe5 f6 32. Qc3 e5 33. Bc1 Bxe4 34.
Nxb5 Bh1 35. f3 Bxf3 36. Qc4+ Bd5 37. Qe2 b6 38. Nc3 Be6 39. Qa6 Bc8 40. Qxb6
Qxb6 41. cxb6 Bxb4 42. Rd1 Bc5+ 43. Kg2 Rxd1 44. Nxd1 Bxb6 45. Ne3 Be6 46. Kf3
f5 47. Bb2 e4+ 48. Ke2 g5 49. Be5 Kf7 50. h4 Kg6 51. hxg5 hxg5 52. Bd6 Kf6 53.
Bb8 Bd4 54. Bc7  0-1

[Event "M.Chigorin Memorial 2017 "]
[Site "?????-?????????"]
[Date "2017.10.27"]
[Round "7"]
[Board "61"]
[White "Moksh, Amit Doshi"]
[Black "Naboka, Sergey"]
[Result "0-1"]
[WhiteElo "2222"]
[BlackElo "2351"]
[PlyCount "70"]
[EventDate "2017.10.21"]
[EventRounds "9"]
[EventCountry "RUS"]

1. d4 f5 2. Nf3 Nf6 3. g3 g6 4. Bg2 Bg7 5. O-O O-O 6. b3 d6 7. Bb2 c6 8. Nbd2
Qc7 9. c4 Na6 10. a3 Ne4 11. Rc1 e5 12. dxe5 Nxd2 13. Qxd2 dxe5 14. Rfd1 Nc5
15. Qe3 Ne4 16. Ne1 f4 17. Qxe4 Bf5 18. Qf3 e4 19. Qxf4 Qxf4 20. gxf4 Bxb2 21.
Rb1 Bxa3 22. b4 c5 23. bxc5 Rad8 24. Nc2 Bxc5 25. Ne3 b6 26. Ra1 Rxd1+ 27. Nxd1
a5 28. e3 Bb4 29. f3 exf3 30. Bxf3 Be6 31. Be2 Rc8 32. Nb2 b5 33. Rc1 Bd2 34.
Rc2 Bxe3+ 35. Kf1 a4  0-1

[Event "M.Chigorin Memorial 2017 "]
[Site "?????-?????????"]
[Date "2017.10.27"]
[Round "7"]
[Board "62"]
[White "Lesovoi, Evgenij"]
[Black "Anchutin, Nikita"]
[Result "0-1"]
[WhiteElo "2351"]
[BlackElo "2219"]
[PlyCount "100"]
[EventDate "2017.10.21"]
[EventRounds "9"]
[EventCountry "RUS"]

1. d4 Nf6 2. c4 e6 3. g3 Bb4+ 4. Bd2 a5 5. Bg2 d6 6. Nc3 Nbd7 7. e3 e5 8. Nge2
O-O 9. O-O c6 10. a3 Bxc3 11. Bxc3 Qc7 12. b3 Nb6 13. a4 Bg4 14. Qd2 e4 15. d5
Nbd7 16. Bxf6 Nxf6 17. Nc3 Qe7 18. h3 Bf5 19. dxc6 bxc6 20. Rfd1 Rfd8 21. Ne2
h5 22. Qc3 Qd7 23. Nf4 Qe7 24. b4 axb4 25. Qxb4 Rab8 26. Qa5 c5 27. Rdb1 Qe5
28. Qd2 Rb4 29. a5 Ra8 30. Rd1 Ra6 31. Bf1 Rb2 32. Qc1 Be6 33. Rb1 Ra2 34. Rb6
R2xa5 35. Rdxd6 Qxd6 36. Rxd6 Rxd6 37. Qc3 Ra2 38. Qe5 Rd1 39. Nxe6 fxe6 40.
Qxe6+ Kf8 41. Kg2 Raa1 42. g4 Rxf1 43. Qc8+ Kf7 44. Qc7+ Kg6 45. Kg3 hxg4 46.
hxg4 Rg1+ 47. Kf4 Rxg4+ 48. Ke5 Rg5+ 49. Ke6 Ra6+ 50. Ke7 Ra8  0-1

[Event "M.Chigorin Memorial 2017 "]
[Site "?????-?????????"]
[Date "2017.10.27"]
[Round "7"]
[Board "63"]
[White "Shpartko, Grigory"]
[Black "Fenil, Shah"]
[Result "0-1"]
[WhiteElo "2216"]
[BlackElo "2350"]
[PlyCount "76"]
[EventDate "2017.10.21"]
[EventRounds "9"]
[EventCountry "RUS"]

1. d4 d5 2. Nf3 Nf6 3. c4 e6 4. Nc3 Bb4 5. a3 Bxc3+ 6. bxc3 O-O 7. Bg5 h6 8.
Bh4 c5 9. Rc1 Nbd7 10. e3 Qa5 11. Nd2 cxd4 12. exd4 Qxa3 13. Bd3 e5 14. O-O
exd4 15. cxd5 dxc3 16. Nc4 Qc5 17. d6 b5 18. Ne3 Bb7 19. Nf5 Kh8 20. Re1 b4 21.
Re7 Qd5 22. Ne3 Qc6 23. Bc2 Rad8 24. Qd3 Nc5 25. Qf5 Bc8 26. d7 Bxd7 27. Rxd7
Ncxd7 28. Rd1 Qe6 29. Qf3 b3 30. Bf5 Ne5 31. Qe2 Rxd1+ 32. Qxd1 c2 33. Qf1 Qc6
34. Nxc2 bxc2 35. Bxc2 Qxc2 36. h3 Qc4 37. Qa1 Nf3+ 38. gxf3 Qxh4  0-1

[Event "M.Chigorin Memorial 2017 "]
[Site "?????-?????????"]
[Date "2017.10.27"]
[Round "7"]
[Board "64"]
[White "Ponfilenok, Vladimir"]
[Black "Cherednichenko, Dmitrij"]
[Result "1-0"]
[WhiteElo "2350"]
[BlackElo "2209"]
[PlyCount "74"]
[EventDate "2017.10.21"]
[EventRounds "9"]
[EventCountry "RUS"]

1. d4 f5 2. Nc3 Nf6 3. Bg5 d5 4. e3 e6 5. Nf3 Be7 6. Bd3 Nbd7 7. Ne2 c5 8. c4
dxc4 9. Bxc4 Nb6 10. Bb3 c4 11. Bxc4 Nxc4 12. Qa4+ Bd7 13. Qxc4 Qa5+ 14. Nc3 b5
15. Qb3 b4 16. Ne2 Qa6 17. Nf4 h6 18. Bxf6 gxf6 19. Kd2 Qd6 20. Rhc1 a5 21. Rc5
Qa6 22. Rc2 a4 23. Qc4 Qa5 24. Nxe6 b3+ 25. Rc3 Rc8 26. Nc5 a3 27. axb3 axb2
28. Rxa5 b1=Q 29. Rc1 Qb2+ 30. Qc2 Qxc2+ 31. Rxc2 Rg8 32. g3 Bc6 33. Nd3 Kf7
34. Ra7 Ke6 35. Rxc6+ Rxc6 36. d5+ Kxd5 37. Rxe7 Ra8  1-0

[Event "M.Chigorin Memorial 2017 "]
[Site "?????-?????????"]
[Date "2017.10.27"]
[Round "7"]
[Board "65"]
[White "Belenkaya, Dina"]
[Black "Khadzhiev, Valery"]
[Result "1-0"]
[WhiteElo "2346"]
[BlackElo "2208"]
[PlyCount "79"]
[EventDate "2017.10.21"]
[EventRounds "9"]
[EventCountry "RUS"]

1. e4 c6 2. d4 d5 3. Nc3 e6 4. Nf3 Bb4 5. Bd3 dxe4 6. Bxe4 Nf6 7. Bd3 Nd5 8.
Bd2 Nxc3 9. bxc3 Be7 10. O-O Nd7 11. Qe2 O-O 12. c4 Re8 13. Qe4 g6 14. c3 Bf6
15. Rfe1 Bg7 16. Qf4 f6 17. c5 Nxc5 18. Bc4 Na4 19. Qg4 Qd6 20. h4 Nb6 21. Bb3
f5 22. Qh3 Nd5 23. h5 gxh5 24. Qxh5 Qf8 25. Ne5 a5 26. a4 Nc7 27. Re3 Re7 28.
Rh3 Bxe5 29. dxe5 Qe8 30. Rg3+ Kh8 31. Qh6 Rf7 32. Bg5 Qf8 33. Qxf8+ Rxf8 34.
Bf6+ Rxf6 35. exf6 Bd7 36. Rg7 Rd8 37. Rd1 Nd5 38. Bxd5 cxd5 39. Rd3 Be8 40.
Rh3  1-0

[Event "M.Chigorin Memorial 2017 "]
[Site "?????-?????????"]
[Date "2017.10.27"]
[Round "7"]
[Board "66"]
[White "Bykov, Egor"]
[Black "Davydov, Sergey P."]
[Result "1-0"]
[WhiteElo "2346"]
[BlackElo "2207"]
[PlyCount "69"]
[EventDate "2017.10.21"]
[EventRounds "9"]
[EventCountry "RUS"]

1. d4 Nf6 2. c4 c5 3. d5 e5 4. Nc3 d6 5. e4 Be7 6. Bd3 O-O 7. h3 Ne8 8. Nf3 Nd7
9. g4 a6 10. a4 Rb8 11. Qe2 g6 12. Bh6 Ng7 13. Rg1 Nf6 14. Nd2 Kh8 15. Be3 Ng8
16. O-O-O Bd7 17. Bc2 Ne8 18. f4 f6 19. Rdf1 Nc7 20. h4 b5 21. g5 exf4 22. Rxf4
bxa4 23. h5 Be8 24. Nf3 a3 25. bxa3 Kg7 26. hxg6 Bxg6 27. Nh4 fxg5 28. Rxf8
Qxf8 29. Nxg6 hxg6 30. e5 dxe5 31. Ne4 Rb6 32. Qh2 Bd6 33. Nxg5 Nf6 34. Ne6+
Nxe6 35. Bh6+  1-0

[Event "M.Chigorin Memorial 2017 "]
[Site "?????-?????????"]
[Date "2017.10.27"]
[Round "7"]
[Board "67"]
[White "Nandhidhaa, Pv"]
[Black "Chen, Qi B"]
[Result "0-1"]
[WhiteElo "2190"]
[BlackElo "2345"]
[PlyCount "200"]
[EventDate "2017.10.21"]
[EventRounds "9"]
[EventCountry "RUS"]

1. e4 c5 2. Nf3 d6 3. d4 cxd4 4. Nxd4 Nf6 5. Nc3 a6 6. g3 e6 7. Bg2 Be7 8. O-O
O-O 9. g4 Nfd7 10. Kh1 Nc6 11. f4 Nxd4 12. Qxd4 e5 13. Qf2 exf4 14. Bxf4 Ne5
15. Rad1 Ng6 16. Nd5 Bh4 17. Qf3 Ne5 18. Qc3 Bxg4 19. Bxe5 Rc8 20. Bf6 Bxf6 21.
Nxf6+ Qxf6 22. Qg3 Qg6 23. Rxd6 Be6 24. Qxg6 hxg6 25. Rf2 Rc5 26. b3 Rfc8 27.
c4 b5 28. Rxa6 bxc4 29. bxc4 Rxc4 30. h3 R4c6 31. Ra7 R6c7 32. Ra5 Rc3 33. Kh2
Rd8 34. Ra7 Rdd3 35. a4 Ra3 36. Rf4 g5 37. Rf2 Kh7 38. a5 Rd4 39. Rf3 Ra2 40.
Kg3 Rda4 41. Rc3 Rxa5 42. Rxa5 Rxa5 43. h4 Kg6 44. hxg5 Kxg5 45. Bf3 Rb5 46.
Ra3 g6 47. Rc3 Kf6 48. Ra3 Ke5 49. Ra7 Kd4 50. Ra4+ Ke3 51. Ra3+ Rb3 52. Ra5
Bc4 53. Ra4 Rc3 54. e5 Be6 55. Re4+ Kd2 56. Rd4+ Ke3 57. Re4+ Kd3 58. Ra4 g5
59. Bg4 Kd2+ 60. Kf2 Rc5 61. Bxe6 fxe6 62. Rd4+ Kc3 63. Re4 Kd3 64. Kf3 Rc1 65.
Ra4 Rf1+ 66. Kg4 Rf5 67. Ra5 Ke4 68. Ra6 Kxe5 69. Ra5+ Kf6 70. Ra8 Rf4+ 71. Kg3
e5 72. Rf8+ Kg6 73. Re8 Kf5 74. Rf8+ Ke4 75. Ra8 Rf1 76. Ra4+ Kf5 77. Ra5 Rb1
78. Ra3 Rb2 79. Rc3 Rd2 80. Ra3 Ke4 81. Kg4 Rg2+ 82. Kh3 Rg1 83. Kh2 Rd1 84.
Rg3 Rd2+ 85. Kg1 Kf4 86. Ra3 g4 87. Ra8 e4 88. Rf8+ Kg3 89. Kf1 Ra2 90. Re8 Kf3
91. Rf8+ Ke3 92. Rg8 Rf2+ 93. Kg1 Ra2 94. Rxg4 Kf3 95. Rg8 e3 96. Rf8+ Ke2 97.
Re8 Kd2 98. Kg2 Kd1+ 99. Kf3 e2 100. Rd8+ Rd2  0-1

[Event "M.Chigorin Memorial 2017 "]
[Site "?????-?????????"]
[Date "2017.10.27"]
[Round "7"]
[Board "68"]
[White "Petrova, Irina"]
[Black "Biriukov, Oleg V."]
[Result "1-0"]
[WhiteElo "2174"]
[BlackElo "2336"]
[PlyCount "75"]
[EventDate "2017.10.21"]
[EventRounds "9"]
[EventCountry "RUS"]

1. e4 c5 2. Nf3 d6 3. Bb5+ Bd7 4. Bxd7+ Qxd7 5. c4 Nf6 6. Nc3 Nc6 7. d4 cxd4 8.
Nxd4 g6 9. f3 Nxd4 10. Qxd4 Bg7 11. Be3 O-O 12. Qd3 a6 13. O-O Qc6 14. Rac1
Rfc8 15. b3 Rab8 16. Nd5 Nxd5 17. cxd5 Qd7 18. Bd4 Bh6 19. Be3 Qb5 20. Qd4
Bxe3+ 21. Qxe3 Qa5 22. Rxc8+ Rxc8 23. Rc1 Rxc1+ 24. Qxc1 Qxa2 25. Qc8+ Kg7 26.
Qxb7 Qe2 27. h3 Kf6 28. Qa7 Qd3 29. Kh2 h5 30. h4 e6 31. Qb8 exd5 32. Qxd6+ Kg7
33. exd5 Qxb3 34. Qe5+ Kg8 35. d6 Qb4 36. Kh3 Qd2 37. Qe8+ Kg7 38. d7  1-0

[Event "M.Chigorin Memorial 2017 "]
[Site "?????-?????????"]
[Date "2017.10.27"]
[Round "7"]
[Board "69"]
[White "Askerov, Marat"]
[Black "Khokhlova, Daria"]
[Result "1-0"]
[WhiteElo "2332"]
[BlackElo "2207"]
[PlyCount "139"]
[EventDate "2017.10.21"]
[EventRounds "9"]
[EventCountry "RUS"]

1. d4 g6 2. c4 Bg7 3. Nc3 c5 4. d5 Bxc3+ 5. bxc3 Qa5 6. Qc2 f5 7. Nh3 Nf6 8.
Bh6 d6 9. Bg7 Rg8 10. Bxf6 exf6 11. e3 Nd7 12. Nf4 Nb6 13. Bd3 Bd7 14. h4 O-O-O
15. h5 Kb8 16. hxg6 hxg6 17. Ke2 Qa6 18. a3 g5 19. Nh5 Rgf8 20. Qa2 Rde8 21. f4
Re7 22. Kd2 Re4 23. Bxe4 Nxc4+ 24. Ke2 fxe4 25. Kf2 Bg4 26. Rae1 Bxh5 27. Rxh5
gxf4 28. exf4 Re8 29. Kg1 e3 30. Rh7 Nb6 31. Qc2 Nxd5 32. Qf5 Qc6 33. c4 Nb6
34. Qxf6 d5 35. Qg7 d4 36. f5 Nxc4 37. f6 Qc8 38. Qg3+ Ka8 39. Re7 Rf8 40. f7
Qd8 41. Qg5 Nd6 42. Re8 Rxe8 43. fxe8=Q Qxe8 44. Qxc5 Qf8 45. Qxd4 Nf5 46. Qf4
Qc5 47. Qb4 Qc8 48. Qg4 a5 49. Rf1 e2 50. Qxe2 Ng3 51. Qe5 Nxf1 52. Qxa5+ Kb8
53. Qe5+ Ka8 54. Kxf1 Qc1+ 55. Kf2 Qxa3 56. g4 Qa2+ 57. Kg3 Qb3+ 58. Kh4 b5 59.
Qe4+ Kb8 60. g5 Kc7 61. g6 Kd7 62. g7 Qg8 63. Qd4+ Ke7 64. Kg5 Ke8 65. Qe5+ Kf7
66. Qc7+ Ke6 67. Qc6+ Ke5 68. Qf6+ Ke4 69. Qf4+ Kd3 70. Qf8  1-0

[Event "M.Chigorin Memorial 2017 "]
[Site "?????-?????????"]
[Date "2017.10.27"]
[Round "7"]
[Board "70"]
[White "Khlebovich, Alexander"]
[Black "Garanin, Aleksei"]
[Result "1-0"]
[WhiteElo "2326"]
[BlackElo "2145"]
[PlyCount "83"]
[EventDate "2017.10.21"]
[EventRounds "9"]
[EventCountry "RUS"]

1. Nf3 Nf6 2. g3 g6 3. Bg2 Bg7 4. c4 O-O 5. d4 d6 6. Nc3 c6 7. O-O Nbd7 8. e4
Qb6 9. b3 e5 10. dxe5 dxe5 11. Ba3 Re8 12. Qc2 Nc5 13. h3 Nfd7 14. Rad1 a5 15.
Rfe1 Bf8 16. Qb2 a4 17. b4 Ne6 18. c5 Qc7 19. Nd5 cxd5 20. exd5 Nd8 21. d6 Qb8
22. b5 Bg7 23. Qc2 Ra5 24. c6 bxc6 25. bxc6 Nxc6 26. Qxc6 Ra6 27. Qc2 Bb7 28.
Rb1 Qa8 29. Qc7 Bc6 30. Rec1 Rc8 31. Ng5 Rxc7 32. dxc7 e4 33. Bxe4 Be5 34. Rb8+
Qxb8 35. cxb8=Q+ Nxb8 36. Nf3 Bxe4 37. Rc8+ Kg7 38. Nxe5 Ra8 39. Bb2 f6 40.
Rc7+ Kf8 41. Ba3+ Ke8 42. Re7+  1-0

[Event "M.Chigorin Memorial 2017 "]
[Site "?????-?????????"]
[Date "2017.10.27"]
[Round "7"]
[Board "71"]
[White "Davtyan, Artur"]
[Black "Ivanov, Platon-Jaan"]
[Result "1/2-1/2"]
[WhiteElo "2318"]
[BlackElo "2134"]
[PlyCount "103"]
[EventDate "2017.10.21"]
[EventRounds "9"]
[EventCountry "RUS"]

1. d4 d5 2. c4 c6 3. Nf3 Nf6 4. Nc3 a6 5. c5 Nbd7 6. Bf4 Nh5 7. Bd2 Nhf6 8. Bf4
Nh5 9. Bd2 Nhf6 10. Rc1 Qc7 11. g3 e5 12. dxe5 Nxe5 13. Nxe5 Qxe5 14. Bf4 Qe7
15. Bg2 Qxc5 16. O-O Qa5 17. e4 dxe4 18. Nxe4 Nxe4 19. Bxe4 Be7 20. Rxc6 O-O
21. Rc7 Bg5 22. Qh5 h6 23. h4 Qb4 24. Bd5 Bxf4 25. Rxf7 Kh8 26. a3 Qd6 27. Rxf4
Rxf4 28. gxf4 Bh3 29. Re1 Rf8 30. Qe5 Qb6 31. Re3 Bd7 32. Rg3 Qf6 33. Bxb7 Bb5
34. b3 Rf7 35. Qxf6 Rxf6 36. a4 Be2 37. Re3 Bd1 38. Re8+ Kh7 39. Bd5 Rxf4 40.
Be4+ g6 41. Re7+ Kh8 42. Bd5 Rxh4 43. Re6 Rg4+ 44. Kf1 Rd4 45. Bc4 Bf3 46. Kg1
Rh4 47. Re8+ Kg7 48. Re7+ Kh8 49. Re8+ Kg7 50. Re7+ Kh8 51. Re8+ Kg7 52. Re7+
 1/2-1/2

[Event "M.Chigorin Memorial 2017 "]
[Site "?????-?????????"]
[Date "2017.10.27"]
[Round "7"]
[Board "72"]
[White "Xu, Minghui"]
[Black "Zaykov, Sergey"]
[Result "1-0"]
[WhiteElo "2318"]
[BlackElo "2125"]
[PlyCount "83"]
[EventDate "2017.10.21"]
[EventRounds "9"]
[EventCountry "RUS"]

1. Nf3 f5 2. d4 Nf6 3. Bg5 e6 4. e3 Be7 5. Bd3 b6 6. O-O Bb7 7. Nc3 O-O 8. Bxf6
Bxf6 9. e4 Nc6 10. e5 Be7 11. d5 exd5 12. Nxd5 Kh8 13. Qe2 Bc5 14. c3 Ne7 15.
Nxe7 Bxe7 16. Rad1 Qe8 17. Bb5 Rd8 18. e6 c6 19. Ba6 Ba8 20. exd7 Rxd7 21. Rxd7
Qxd7 22. Rd1 Qc7 23. Qe5 Qxe5 24. Nxe5 Bf6 25. f4 g5 26. g3 gxf4 27. gxf4 Bxe5
28. fxe5 Kg7 29. Rd7+ Kg6 30. e6 Kf6 31. e7 Re8 32. Rxa7 b5 33. Kf2 Ke5 34. a4
Kd6 35. b4 f4 36. axb5 c5 37. b6 cxb4 38. cxb4 Bc6 39. b7 Rb8 40. Ra8 Kc7 41.
b5 Be8 42. b6+  1-0

[Event "M.Chigorin Memorial 2017 "]
[Site "?????-?????????"]
[Date "2017.10.27"]
[Round "7"]
[Board "73"]
[White "Eynullayev, Atilla"]
[Black "Borisovsky, Dmitry"]
[Result "0-1"]
[WhiteElo "1919"]
[BlackElo "2304"]
[PlyCount "52"]
[EventDate "2017.10.21"]
[EventRounds "9"]
[EventCountry "RUS"]

1. d4 Nf6 2. c4 e6 3. g3 c5 4. d5 exd5 5. cxd5 d6 6. Nc3 g6 7. Bg2 Bg7 8. Nf3
O-O 9. O-O Re8 10. Bf4 a6 11. a4 Nh5 12. Bg5 Qc7 13. Rc1 Nd7 14. Qd2 Rb8 15. b4
Qb6 16. bxc5 Nxc5 17. Rb1 Qc7 18. Nd4 Bd7 19. Nb3 Bf5 20. Rb2 Nd3 21. Rc2 Nxf2
22. Rcc1 Nh3+ 23. Bxh3 Bxh3 24. Rf2 Qb6 25. Rb1 Rbc8 26. Nd1 Bf5  0-1

[Event "M.Chigorin Memorial 2017 "]
[Site "?????-?????????"]
[Date "2017.10.27"]
[Round "7"]
[Board "74"]
[White "Poznyak, Nazar"]
[Black "Zhang, Ziji"]
[Result "1-0"]
[WhiteElo "2014"]
[BlackElo "2387"]
[PlyCount "153"]
[EventDate "2017.10.21"]
[EventRounds "9"]
[EventCountry "RUS"]

1. d4 Nf6 2. c4 e6 3. Nf3 d5 4. g3 dxc4 5. Bg2 Nc6 6. Qa4 Bb4+ 7. Bd2 Nd5 8.
Bxb4 Ndxb4 9. O-O Rb8 10. Nc3 a6 11. Ne5 O-O 12. Nxc6 Nxc6 13. Bxc6 bxc6 14.
Qxc4 Rxb2 15. Rab1 Rb6 16. Na4 Rb5 17. Nc3 Rb6 18. Na4 Rxb1 19. Rxb1 Qd6 20.
Qc5 f6 21. Rc1 Rd8 22. e3 e5 23. Qxd6 cxd6 24. Rxc6 Bb7 25. Rc7 Bf3 26. Nb6 Kf8
27. d5 h5 28. a4 Kg8 29. Ra7 Be2 30. Kg2 e4 31. a5 Kh7 32. Rc7 Kg6 33. h3 Bb5
34. f4 exf3+ 35. Kxf3 Re8 36. Nc8 Bf1 37. Nxd6 Re5 38. e4 Bxh3 39. Rc6 Bf1 40.
Rc7 Bh3 41. Ra7 Kh7 42. Rxa6 Re7 43. Rb6 Ra7 44. a6 Bf1 45. Rb7 Rxa6 46. Ne8
Bh3 47. Kf4 Ra1 48. Nxf6+ Kh6 49. Ng8+ Kh7 50. Ne7 Rf1+ 51. Ke5 Rf3 52. d6 Rf7
53. Rc7 Rf3 54. d7 Bxd7 55. Rxd7 Rxg3 56. Kf4 Rg1 57. Nf5 Rg4+ 58. Kf3 Rg5 59.
Rd8 g6 60. Rd7+ Kg8 61. Nh6+ Kf8 62. Kf4 Rg2 63. Ke5 h4 64. Kf6 Ke8 65. Rh7 h3
66. Ke6 Kf8 67. Rf7+ Ke8 68. Ng8 h2 69. Rd7 Rf2 70. Rh7 g5 71. e5 Kd8 72. Nf6
Rg2 73. Kf7 Ra2 74. Rh8+ Kc7 75. e6 Kd6 76. e7 Ra7 77. Ne4+  1-0

[Event "M.Chigorin Memorial 2017 "]
[Site "?????-?????????"]
[Date "2017.10.27"]
[Round "7"]
[Board "75"]
[White "Erenberg, Ariel"]
[Black "Yeritsyan, Hayk"]
[Result "1-0"]
[WhiteElo "2401"]
[BlackElo "2105"]
[PlyCount "87"]
[EventDate "2017.10.21"]
[EventRounds "9"]
[EventCountry "RUS"]

1. d4 d5 2. c4 e6 3. Nc3 Be7 4. Nf3 Nf6 5. Bg5 h6 6. Bh4 Ne4 7. Bxe7 Qxe7 8.
Qc2 Nxc3 9. Qxc3 dxc4 10. Qxc4 O-O 11. Rc1 c6 12. e3 Nd7 13. Qc3 Re8 14. Rd1 e5
15. dxe5 Nf8 16. h3 Bf5 17. Bd3 Bxd3 18. Rxd3 Ng6 19. Qb3 Nxe5 20. Nxe5 Qxe5
21. Rd7 Qa5+ 22. Ke2 Qa6+ 23. Kf3 Re6 24. Qxb7 Qxb7 25. Rxb7 Rd8 26. Ke2 Red6
27. Rc1 Rd2+ 28. Ke1 R8d6 29. g4 g5 30. a4 Kg7 31. a5 c5 32. Rxc5 Rd1+ 33. Ke2
R6d2+ 34. Kf3 Rf1 35. Ke4 Rfxf2 36. b4 Rb2 37. b5 Rf6 38. Rf5 Re6+ 39. Kd4 Rd2+
40. Kc3 Ra2 41. Rxa7 Rxe3+ 42. Kd4 Raa3 43. Rfxf7+ Kg6 44. Rg7+  1-0

[Event "M.Chigorin Memorial 2017 "]
[Site "?????-?????????"]
[Date "2017.10.27"]
[Round "7"]
[Board "76"]
[White "Nikitenko, Mihail"]
[Black "Tsaruk, Maksim"]
[Result "0-1"]
[WhiteElo "2376"]
[BlackElo "2090"]
[PlyCount "74"]
[EventDate "2017.10.21"]
[EventRounds "9"]
[EventCountry "RUS"]

1. e4 e5 2. Nf3 Nc6 3. Bb5 a6 4. Ba4 Nf6 5. O-O b5 6. Bb3 Be7 7. Re1 O-O 8. c3
d6 9. d3 Na5 10. Bc2 c5 11. Nbd2 h6 12. Nf1 Nc6 13. h3 Re8 14. a4 b4 15. d4
cxd4 16. cxd4 exd4 17. Nxd4 Nxd4 18. Qxd4 Be6 19. Ng3 d5 20. e5 Nd7 21. Qd3 Nf8
22. Ne2 Rc8 23. Nd4 Bc5 24. Re2 Qh4 25. Be3 Bxd4 26. Qxd4 Qh5 27. Bd3 Bf5 28.
g4 Bxd3 29. gxh5 Bxe2 30. Qxd5 Rcd8 31. Qa5 Bf3 32. Qxa6 Rxe5 33. Kh2 Rxh5 34.
Rg1 Ne6 35. Qc4 Ng5 36. Bxg5 hxg5 37. Qb5 g4  0-1

[Event "M.Chigorin Memorial 2017 "]
[Site "?????-?????????"]
[Date "2017.10.27"]
[Round "7"]
[Board "77"]
[White "Ekdyshman, Mikhail"]
[Black "Aseev, Vladimir"]
[Result "1/2-1/2"]
[WhiteElo "2366"]
[BlackElo "2082"]
[PlyCount "112"]
[EventDate "2017.10.21"]
[EventRounds "9"]
[EventCountry "RUS"]

1. e4 c5 2. Nf3 d6 3. d4 cxd4 4. Nxd4 Nf6 5. Nc3 a6 6. Bd3 Nc6 7. Nb3 e6 8. f4
Be7 9. Qf3 Qc7 10. Be3 b5 11. g4 Bb7 12. g5 Nd7 13. O-O-O Nb6 14. Rhe1 b4 15.
Nd5 Nxd5 16. exd5 Na5 17. Be4 Nxb3+ 18. axb3 Rc8 19. Re2 exd5 20. Bxd5 Bxd5 21.
Qxd5 O-O 22. f5 Rfe8 23. Rg2 Bf8 24. Bd4 Qc6 25. Qxc6 Rxc6 26. Kd2 Re4 27. c3
d5 28. Re2 Rg4 29. Rg1 Rxg1 30. Bxg1 f6 31. g6 hxg6 32. fxg6 f5 33. Rg2 Be7 34.
Bd4 Re6 35. Kd3 a5 36. Re2 Re4 37. Bb6 Bd6 38. Bxa5 Kf8 39. Rf2 f4 40. h4 Ke7
41. h5 Ke6 42. Bb6 Kf5 43. c4 dxc4+ 44. bxc4 Be5 45. b3 Re1 46. Rc2 Rb1 47. c5
Rxb3+ 48. Kd2 Rc3 49. Rxc3 bxc3+ 50. Kd3 Bd4 51. Bc7 f3 52. Bg3 f2 53. Bxf2
Bxf2 54. c6 Bg3 55. h6 Kxg6 56. hxg7 Kxg7  1/2-1/2